000 00831nam a2200229Ii 4500
003 JO-AjNU
008 230605s9999||||xx |||||||||||||| ||und||
017 _a2012/9/3351
020 _a978-9957-92-014-2
040 _aJO-AjNU
_bara
_erda
_cJO-AjNU
041 _aara
050 1 4 _aDS286. S94 2013
100 3 _aسلطان، طارق فتحي,
_eauthor
_960210
245 0 0 _aتاريخ الدولة الساسانية
250 _aط1
264 3 1 _aعمان: دار الفكر ناشرون وموزعون، 2013
300 _a336ص
_bيحتوي على ملاحق من ص305-316ص ويحتوي على صور توضيحية ومراجع
336 _atext
_btxt
_2rdacontent
337 _aunmediated
_bn
_2rdamedia
338 _avolume
_bnc
_2rdacarrier
650 4 _aالتاريخ الفارسي - الساسانيون
_960211
999 _aA27138
_c30706
_d30706